000 00693cam a2200205 a 4500
001 000019078
005 20200929165920.0
008 801125s1949 sp ac 000 0 spa
035 _a(DLC) 51026377
035 _a(OCoLC)6974320
040 _aDO-SdBNP
_bspa
_cNhU
_dOCoLC
_dDLC
_dBNPHU
082 _aDP302.G36
_bA772
100 1 _aArques, Enrique.
_941051
245 1 3 _aEl camino nuestro /
_cEnrique Arques.
260 _aMadrid :
_bConsejo Superior de Investigaciones Cientificas :
_bInstituto de Estudios Africanos,
_c1949.
300 _a125 p. :
_bil, maps ;
_c24 cm.
651 0 _aGibraltar, Strait Of.
_941052
650 0 _aSpaniards
_zAfrica.
_941053
910 _aCatalogación derivada / LC
999 _c18596
_d18596